<?xml version='1.0' encoding='UTF-8'?><?xml-stylesheet href='static/style.xsl' type='text/xsl'?><OAI-PMH xmlns="http://www.openarchives.org/OAI/2.0/" xmlns:xsi="http://www.w3.org/2001/XMLSchema-instance" xsi:schemaLocation="http://www.openarchives.org/OAI/2.0/ http://www.openarchives.org/OAI/2.0/OAI-PMH.xsd"><responseDate>2026-04-30T13:29:43Z</responseDate><request verb="GetRecord" identifier="oai:ebiltegia.mondragon.edu:20.500.11984/4464" metadataPrefix="marc">https://ebiltegia.mondragon.edu/oai/request</request><GetRecord><record><header><identifier>oai:ebiltegia.mondragon.edu:20.500.11984/4464</identifier><datestamp>2024-01-04T21:56:57Z</datestamp><setSpec>com_20.500.11984_1736</setSpec><setSpec>com_20.500.11984_1627</setSpec><setSpec>col_20.500.11984_1972</setSpec></header><metadata><record xmlns="http://www.loc.gov/MARC21/slim" xmlns:dcterms="http://purl.org/dc/terms/" xmlns:xsi="http://www.w3.org/2001/XMLSchema-instance" xmlns:doc="http://www.lyncode.com/xoai" xsi:schemaLocation="http://www.loc.gov/MARC21/slim http://www.loc.gov/standards/marcxml/schema/MARC21slim.xsd">
   <leader>00925njm 22002777a 4500</leader>
   <datafield ind2=" " ind1=" " tag="042">
      <subfield code="a">dc</subfield>
   </datafield>
   <datafield ind2=" " ind1=" " tag="720">
      <subfield code="a">Mondragon Unibertsitatea</subfield>
      <subfield code="e">author</subfield>
   </datafield>
   <datafield ind2=" " ind1=" " tag="260">
      <subfield code="c">2015-11-30</subfield>
   </datafield>
   <datafield ind2=" " ind1=" " tag="520">
      <subfield code="a">William Douglassek eta Jon Bilbaok 1975ean idatzitako "Amerikanuak" liburu mugarriaren 40. urteurrenaren harira, jardunaldi berezia antolatu du Humanitate eta Hezkuntza Zientzien Fakultateak abenduaren 9an. Topaketan parte hartuko dute William Douglas idazleak berak, unibertsitate desberdinetako ikerlariek eta diasporako ordezkariak. Ekitaldia irekia izango da, eta Aretxabaletako campusean egingo da.</subfield>
   </datafield>
   <datafield ind2=" " ind1=" " tag="520">
      <subfield code="a">La Facultad de Humanidades y Ciencias de la Educación ha organizado para próximo día 9 de diciembre un jornada internacional para conmemorar el 40. aniversario de la publicación de 'Amerikanuak', el libro escrito por William Douglass y Jon Bilbao en 1975. En el evento participarán además del propio William Douglass, uno de lo autores de la obra, expertos de diferentes universidades y representantes de la diáspora. La jornada se llevará a cabo en el campus de Aretxabaleta y estará abierta al público.</subfield>
   </datafield>
   <datafield ind1="8" ind2=" " tag="024">
      <subfield code="a">https://www.flickr.com/photos/huhezi/albums/72157659855174764</subfield>
   </datafield>
   <datafield ind1="8" ind2=" " tag="024">
      <subfield code="a">https://hdl.handle.net/20.500.11984/4464</subfield>
   </datafield>
   <datafield tag="653" ind2=" " ind1=" ">
      <subfield code="a">Humanitate eta Hezkuntza Zientzien Fakultatea</subfield>
   </datafield>
   <datafield ind2="0" ind1="0" tag="245">
      <subfield code="a">'Amerikanuak' liburuaren 40. urteurrenaren harira, jardunaldi berezia antolatu du Humanitate eta Hezkuntza Zientzien Fakultateak</subfield>
   </datafield>
   <datafield ind2="0" ind1="0" tag="245">
      <subfield code="a">La Facultad de Humanidades y Ciencias de la Educación organiza un jornada para conmemorar el 40. aniversario de la publicación de 'Amerikanuak'</subfield>
   </datafield>
</record></metadata></record></GetRecord></OAI-PMH>